000 00827nam a2200217 i 4500
001 189022
003 ES-MaACL
005 20250728143827.0
008 190321s1989 sp a c |||| |dspa d
100 1 _aManrique, César.
_976094
245 1 0 _aCésar Manrique
_b: [exposición] Galería Afinsa, febrero-marzo 1989 /
_c[textos, Carlos Edmundo de Ory, Rafael Alberti, Eduardo Westerdahl ... (et al.)].
260 _aMadrid :
_bGalería Afinsa,
_c[1989]
300 _a[41] p. :
_bprincipalmente il. col. ;
_c25 x 20 cm.
600 1 4 _aManrique, César-
_xExposiciones.
_976095
655 7 _2tgfbne
_9193628
_aCatálogos de exposiciones
700 0 _aOry, Carlos Edmundo de,
_d1923-2010
_987706
710 2 _aGalería Afinsa.
_9166635
852 _aES-MaACL
_j1722-F-16
942 _2udc
999 _c189022
_d189022